| 000 | 01034nam a22003257a 4500 | ||
|---|---|---|---|
| 003 | CHAP | ||
| 005 | 20220329140613.0 | ||
| 008 | 971013s1977 r 00010 d | ||
| 010 | _a54622 | ||
| 011 | _a55594 | ||
| 035 | _a59746 | ||
| 040 | _cCHAP | ||
| 082 |
_a632.58 _bT7 1977 |
||
| 100 | 0 | 0 |
_aTruelove, Bryan _eed. _9115374 |
| 245 | _aResearch methods in weed science | ||
| 250 | _a2 ed. | ||
| 260 |
_aAuburn, Alla. : _bSouthern Weed Society, _c1977 |
||
| 300 | _a221 p. | ||
| 590 |
_aBATCH-UPD _b10 _c20130110 _lUCH01 _h0910 |
||
| 590 |
_aBATCH-UPD _b10 _c20130410 _lUCH01 _h0536 |
||
| 590 |
_aBATCH-UPD _b10 _c20130914 _lUCH01 _h1607 |
||
| 590 |
_aCONVERSION _b10 _c20130109 _lUCH01 _h1329 |
||
| 650 | 1 | 4 |
_aHerbicidas. _953691 |
| 650 | 1 | 4 |
_aMalas hierbas. _969996 |
| 650 | 1 | 4 |
_aMalas hierbas _xInvestigación. _970021 |
| 901 | _aBK | ||
| 942 | _cLIBRO | ||
| 949 |
_a632.58 T7 1977 _bBC _cLIBRO _d33724000179487 _eLIBRO _fc.2 _gI.149369 _h79928 _i59746 _si |
||
| 949 |
_a632.58 T7 1977 _bBC _cLIBRO _d33724000179495 _eLIBRO _h43714 _i59746 _si |
||
| 999 |
_c54622 _d54622 |
||